=LDR 00000nam 2200000 4500 =001 INLIS000000000017737 =005 20130612112945 =008 ***********************************Ind** =035 ##$$0010-061300000017737 =041 ##$$a Ind =082 ##$$a 641.1 =090 ##$$a 641.1, Pay i =100 ##$$a Payne, Jason =245 ##$$a Intisari gizi klinik, Jason Payne-James, Claire Wicks; alih bahasa, Andry Hartono =260 ##$$a 1997 $b Jakarta =300 ##$$a 49 hlm, 18 cm =650 ##$$a Gizi =850 ##$$a NBPNMAT =990 ##$$a 0001/BPAP-NTB/2016